Nauka o veřejné správě /

Hlavní autor: Pavlák, Miroslav, 1964-
Jazyk: Čeština
Vydáno: Plzeň : Západočeská univerzita, Katedra celoživotního vzdělávání, 2003
Vydání: 3. přeprac. vyd.
Témata:
Externí odkaz: Digitalizovaný dokument
Fyzický popis: 103 s. ; 29 cm
Knihy
Uloženo v:
LEADER 01393nam a2200373 a 4500
001 000692241
003 CZ BrMZK
005 20051027161223.0
007 ta
008 031014s2003 xr f p 000 0 cze d
015 |a cnb001286520 
020 |a 80-7082-995-8  |q (brož.) :  |c Kč 128,00 
035 |a (OCoLC)56868093 
040 |a BOA001  |b cze 
043 |a e-xr--- 
072 7 |a 37.016  |x Učební osnovy. Vyučovací předměty. Učebnice  |2 Konspekt  |9 22 
072 7 |a 35  |x Veřejná správa  |2 Konspekt  |9 15 
080 |a 35  |2 MRF 
080 |a (437.3)  |2 MRF 
080 |a (075.8)  |2 MRF 
100 1 |a Pavlák, Miroslav,  |d 1964-  |7 jn20001005579  |4 aut 
245 1 0 |a Nauka o veřejné správě /  |c Miroslav Pavlák 
250 |a 3. přeprac. vyd. 
260 |a Plzeň :  |b Západočeská univerzita, Katedra celoživotního vzdělávání,  |c 2003 
300 |a 103 s. ;  |c 29 cm 
500 |a Náklad 400 výt 
504 |a Obsahuje bibliografii 
521 |a Určeno pro studenty distančního studia 
650 0 7 |a veřejná správa  |7 ph127076  |z Česko  |2 czenas 
655 7 |a učebnice vysokých škol  |7 fd133772  |2 czenas 
856 4 1 |u http://www.digitalniknihovna.cz/mzk/uuid/uuid:aac4c980-d3de-11e2-8c80-005056827e52  |y Digitalizovaný dokument  |x NDK 
910 |a BOA001  |b 3-1125.480 
990 |a BK 
996 6 |b 2610202178  |c 3-1125.480  |l MZK  |r Sklad / do 1 hodiny  |n 2  |p p.v.  |w 000692241  |u 000010  |a 1  |e BOA001  |j MZK50  |s P